00297nam a2200097Ia 4500008004100000082001300041100002200054245009500076260002100171365000700192230302s9999 xx 000 0 und d a004.2PAR aPARKER (Roger. C) aDesign To Sell : Use Microsoft Publisher To Plan Write And Desing Great Marketing Pieces  aNew Delhib PHI  cRS